000 00849nam a22002177a 4500
005 20210930143704.0
008 210930b ||||| |||| 00| 0 eng d
020 _a0029177758
040 _aAL
_c
041 _aeng
082 _223
_a306.3
_bLANA
100 _aSteven E Landsburg
_9603
245 _aArmchair Economist
_bEconomics and Everyday Life
260 _aNew York
_bFree Press
300 _aix,241 p.
_bHB
_c23x16 cm
365 _b$22.95
_c$
_d$22.95
520 _aLandsburg aims to show how economic thinking illuminates the entire range of human behaviour. But instead of focusing on the workings of financial markets and international trade, he looks at the details of daily life to reveal what the laws of economics tell us about ourselves.
650 _aEconomics
_9604
700 _aLANDSBURG (Steven E)
_9605
942 _2ddc
_cGF
999 _c216449
_d216449